[Event "Politiken Cup 35th"]
[Site "Helsingor"]
[Date "2013.08.02"]
[Round "8"]
[White "Szucs, Michell Daniel"]
[Black "Christiansen, Niels Jorgen"]
[Result "1/2-1/2"]
[WhiteElo "1504"]
[BlackElo "1669"]
[PlyCount "72"]
[EventDate "2013.07.27"]
[EventType "swiss"]
[EventRounds "10"]
[EventCountry "DEN"]
[SourceTitle "CBM 155 Extra"]
[Source "ChessBase"]
[SourceDate "2013.08.26"]
[SourceVersion "1"]
[SourceVersionDate "2013.08.26"]
[SourceQuality "1"]

1. d4 d5 2. Nf3 Nf6 3. h3 e6 4. Bf4 c5 5. e3 Nc6 6. c3 Bd7 7. Nbd2 Qb6 8. Qc2 Rc8 9. Qb3 c4 10. Qxb6 axb6 11. Be2 b5 12. a3 Be7 13. 0-0 0-0 14. Ne5 Nxe5 15. Bxe5 Bc6 16. Bd1 Nd7 17. Bh2 Nb6 18. Bc2 Na4 19. Rab1 Rfd8 20. Nf3 Nb6 21. Rfe1 Bd6 22. Bxd6 Rxd6 23. Ng5 g6 24. f4 Rf8 25. Rf1 h6 26. Nf3 Kg7 27. Ne5 f5 28. h4 h5 29. Rf3 Be8 30. Rg3 Nd7 31. Nxd7 Bxd7 32. Rg5 Be8 33. Rf1 Rd8 34. Rf3 Kf6 35. Rfg3 Bf7 36. Rf3 Rh8 1/2-1/2